| 000 | 00751nam a2200265 i 4500 | ||
|---|---|---|---|
| 001 | 10493 | ||
| 003 | ES-MaACL | ||
| 005 | 20230906145911.0 | ||
| 007 | t| | ||
| 008 | 950713s1993 sp ||||1| spa d | ||
| 020 | _a84-483-0033-5 | ||
| 080 | _a159.955 | ||
| 080 | _a573.5 | ||
| 100 | 1 |
_aFerris, Tomothy. _950588 |
|
| 245 | 1 | 3 |
_aEl Firmamento de la mente / _cTimothy Ferris ; traducción de Andrés Linares. |
| 260 |
_aMadrid : _bAcento, _cD.L. 1993. |
||
| 300 |
_a251 p. ; _c22 cm. |
||
| 490 | 1 |
_aSigno más ; _v12 |
|
| 650 | 1 | 4 |
_aInteligencia. _913860 |
| 650 | 1 | 4 |
_aExobiología. _912682 |
| 700 | 1 |
_aLinares, Andrés. _972328 |
|
| 830 | 0 |
_aSigno más ; _v12 _9178417 |
|
| 852 |
_aES-MaACL _jL-17874 _bR.123075 |
||
| 999 |
_c10493 _d10493 |
||